Calendário da gravidez (Record no. 1720)

MARC details
000 -Etiqueta do registo
Valores 01025cam a2200313 4500
010 ## - Número ISBN
ISBN 9728146469
021 ## - Número do Depósito Legal
Código do país Portugal
Número 93131/95
100 ## - Dados gerais de processamento
Dados gerais 20240716d2001 m||y0pory5003 ba
101 ## - Língua de publicação
Língua Português
102 ## - País de publicação
País Portugal
200 ## - Titulo e menção de responsabilidade
Título próprio Calendário da gravidez
Informação de outro título o livro de cabeceira da futura mãe
Primeira menção de responsabilidade Birgitt von Maltzahn
Outras menções de responsabilidade trad. Cristina Cunha
-- notas, superv. Glória Marreiros
-- il. Cornelia von Seidlein
205 ## - Menção da edição
Edição 4ª edição
210 #9 - Publicação
Local de publicação Porto
Nome do editor Campo das Letras
Data de publicação 2001
215 ## - Descrição física 
Paginação / Volumes 231 p.
Outras indicações físicas il.
Dimensões 21 cm
225 ## - Colecção 
Título próprio da colecção Campo da saúde
Indicação de volume 1
300 ## - Notas gerais 
Texto da nota BMB-Registado
304 ## - Nota relativa ao título
Texto de nota Tít. orig.: Der Schwangerschafts - Kalender
606 ## - Nome comum usado como assunto
ID Autoridade 2052
Palavra de ordem Obstetrícia
606 ## - Nome comum usado como assunto
ID Autoridade 2053
Palavra de ordem Fisiologia da gravidez
606 ## - Nome comum usado como assunto
ID Autoridade 2054
Palavra de ordem Patologia do parto
675 ## - CDU
Notação 618.2
Edição BMB
Língua por
700 ## - Autor principal (pessoa individual)
Apelido Maltzahn
Nome Birgitt von
ID Autoridade 2055
702 ## - Autor secundário (pessoa individual)
Apelido Cunha
Nome Cristina
Função Tradutor
ID Autoridade 2056
702 ## - Autor secundário (pessoa individual)
Apelido Marreiros
Nome Glória
Datas 1929-
Função Revisor
ID Autoridade 2057
702 ## - Autor secundário (pessoa individual)
Apelido Seidlein
Nome Cornelia von
Função Ilustrador
ID Autoridade 2058
801 ## - Fonte de origem
País PT
Agência BMB
Regras de catalogação RPC
990 ## - Elementos KOHA
Tipo de documento Livro
Holdings
Situação do levantamento Estado Número Biblioteca de origem Código de barras Cota Permissão de empréstimo Tipo de documento Forma de aquisição
    1 Biblioteca Municipal de Borba 1430 613.2 MAL / CAL   Livro Oferta
Biblioteca Municipal de Borba

Powered by Koha